00669nam a2200121Ia 4500008004100000020001800041100003500059245011300094260002700207650026000234650001200494856004100506171212s9999 xx 000 0 und d a9780833038975 aLarson, Eric V.;Savych, Bogdan cLarson, Eric V.;Savych, BogdanaMisfortunes of WarbPress and Public Reactions to Civilian Deaths in Wartime bRAND Corporationc2007 aCivilian war casualties; Mass media and war; War in mass media; United States. Air Force -- History -- 20th century; United States. Air Force -- History -- 21st century; United States. Air Force -- Public relations; Combatants and noncombatants (Internati aHistory uwww.jstor.org/stable/10.7249/mg441af